[Event "Online Olym Div3 D"]
[Site "Chess.com INT"]
[Date "2021.08.28"]
[Round "5.1"]
[White "Kamwendo, Precious"]
[Black "Van de Brink, Peter"]
[Result "1/2-1/2"]
[WhiteElo "1934"]
[BlackElo "2185"]
[PlyCount "67"]
[EventDate "2021.08.27"]
[EventType "team-tourn (rapid)"]
[EventRounds "9"]
[EventCountry "USA"]
[SourceTitle "CBM 204 Extra"]
[Source "ChessBase"]
[SourceDate "2021.11.30"]
[SourceVersion "1"]
[SourceVersionDate "2021.11.30"]
[SourceQuality "1"]
[WhiteTeam "Malawi"]
[BlackTeam "Aruba"]
[WhiteTeamCountry "MWI"]
[BlackTeamCountry "ARN"]

1. Nf3 c5 2. d4 cxd4 3. Nxd4 Nc6 4. Nc3 g6 5. e4 Bg7 6. Be3 Nf6 7. f3 0-0 8. Qd2 d5 9. 0-0-0 dxe4 10. Nxc6 Qxd2+ 11. Rxd2 bxc6 12. fxe4 Ng4 13. Nd1 Nxe3 14. Nxe3 Bh6 15. Rd3 Be6 16. Kd2 f5 17. exf5 Rxf5 18. Be2 Rf2 19. Ke1 Raf8 20. Bf3 R8xf3 21. gxf3 Rxf3 22. Ke2 Rh3 23. b3 Kg7 24. Kf2 Bf4 25. Ng2 Rxh2 26. Rxh2 Bxh2 27. Re3 Kf6 28. Ne1 Bc7 29. Rf3+ Bf5 30. Rc3 Bd7 31. Rd3 Bf5 32. Rc3 Bd7 33. Rd3 Bf5 34. Rc3 1/2-1/2

[Event "Online Olym Div3 D"]
[Site "Chess.com INT"]
[Date "2021.08.27"]
[Round "3.1"]
[White "Hanoeman, Suradj"]
[Black "Van de Brink, Peter"]
[Result "1/2-1/2"]
[WhiteElo "1988"]
[BlackElo "2185"]
[PlyCount "94"]
[EventDate "2021.08.27"]
[EventType "team-tourn (rapid)"]
[EventRounds "9"]
[EventCountry "USA"]
[SourceTitle "CBM 204 Extra"]
[Source "ChessBase"]
[SourceDate "2021.11.30"]
[SourceVersion "1"]
[SourceVersionDate "2021.11.30"]
[SourceQuality "1"]
[WhiteTeam "Surinam"]
[BlackTeam "Aruba"]
[WhiteTeamCountry "SUR"]
[BlackTeamCountry "ARN"]

1. d4 e6 2. Nf3 d5 3. e3 c5 4. b3 Nc6 5. Bb2 cxd4 6. exd4 Nf6 7. Bd3 Bd6 8. 0-0 0-0 9. Re1 b6 10. Nbd2 Bb7 11. a3 Rc8 12. Ne5 a6 13. Qf3 Bxe5 14. dxe5 Nd7 15. Re3 d4 16. Bxh7+ Kxh7 17. Qh5+ Kg8 18. Rh3 f5 19. Qh7+ Kf7 20. Rg3 Rg8 21. Qg6+ Ke7 22. Qg5+ Kf8 23. Qg6 Ndxe5 24. Qxe6 Qd7 25. Qxd7 Nxd7 26. Nc4 g6 27. Nd6 Rc7 28. Re1 Nc5 29. Re8+ Kg7 30. Nxf5+ Kf7 31. Rxg8 Kxg8 32. Rxg6+ Kf8 33. Nxd4 Nxd4 34. Bxd4 Nxb3 35. Bxb6 Rxc2 36. h4 Ra2 37. Rg3 Nc1 38. Kh2 Ne2 39. Rg5 Kf7 40. h5 Rxa3 41. h6 Be4 42. Re5 Nc3 43. h7 Bxh7 44. Bc5 Ra2 45. Re7+ Kg6 46. Bd4 Nb5 47. Be3 Bg8 1/2-1/2

[Event "Online Olym Div3 D"]
[Site "Chess.com INT"]
[Date "2021.08.27"]
[Round "2.1"]
[White "Van de Brink, Peter"]
[Black "Araujo Sanchez, Josue"]
[Result "1/2-1/2"]
[WhiteElo "2185"]
[BlackElo "2310"]
[PlyCount "157"]
[EventDate "2021.08.27"]
[EventType "team-tourn (rapid)"]
[EventRounds "9"]
[EventCountry "USA"]
[SourceTitle "CBM 204 Extra"]
[Source "ChessBase"]
[SourceDate "2021.11.30"]
[SourceVersion "1"]
[SourceVersionDate "2021.11.30"]
[SourceQuality "1"]
[WhiteTeam "Aruba"]
[BlackTeam "Dominican Republic"]
[WhiteTeamCountry "ARN"]
[BlackTeamCountry "DOM"]

1. c4 g6 2. g3 Bg7 3. Bg2 c5 4. Nc3 Nc6 5. Nf3 e5 6. 0-0 Nge7 7. Ne1 d6 8. Nc2 Be6 9. Ne3 Rb8 10. a3 a6 11. Rb1 b5 12. d3 0-0 13. Ned5 b4 14. axb4 cxb4 15. Nxe7+ Nxe7 16. Nd5 Nxd5 17. cxd5 Bd7 18. b3 Qc7 19. Bb2 Bh6 20. e3 f5 21. Qd2 Rfc8 22. Rfc1 Qb6 23. Rc4 a5 24. Rbc1 Rxc4 25. dxc4 Rc8 26. Rc2 a4 27. bxa4 Bxa4 28. Rc1 Bg7 29. Bf1 h5 30. h4 Kf7 31. Be2 Bf6 32. Bd1 Bxd1 33. Qxd1 Rc5 34. Qb3 Bd8 35. Ra1 Ra5 36. Ra4 Rxa4 37. Qxa4 Ke7 38. Qb3 Qa5 39. Kg2 Bb6 40. Kh2 Bc5 41. Kg2 Qa8 42. Kh2 Kf7 43. Kg2 Kg8 44. Kh2 Kh7 45. Kg2 Kh6 46. Kh2 Qa7 47. Kg2 Qa8 48. Kh2 g5 49. hxg5+ Kxg5 50. f4+ Kf6 51. Kg2 h4 52. gxh4 Qg8+ 53. Kf2 Qg4 54. fxe5+ dxe5 55. Bxe5+ Kxe5 56. Qb2+ Kd6 57. Qf6+ Kd7 58. Qc6+ Kd8 59. Qxc5 Qxh4+ 60. Ke2 Qg4+ 61. Kd2 Qg2+ 62. Kc1 Qf1+ 63. Kb2 Qd3 64. Qxb4 Qe2+ 65. Kb3 Qxe3+ 66. Qc3 Qb6+ 67. Kc2 Qf2+ 68. Qd2 Qf1 69. Qa5+ Kd7 70. Qa7+ Kd6 71. Qb6+ Ke5 72. Qe3+ Kd6 73. Qe6+ Kc5 74. Qc6+ Kd4 75. Qb6+ Ke4 76. Qe6+ Kd4 77. Qb6+ Ke4 78. Qe6+ Kd4 79. Qb6+ 1/2-1/2